| 000 | 01390cam a2200337Ia 4500 | ||
|---|---|---|---|
| 001 | psychic01over | ||
| 003 | CaSfIA | ||
| 005 | 20210118212701.0 | ||
| 007 | cr|||| | ||
| 008 | 860115s1983 vtu 000 0 eng d | ||
| 040 |
_aBFJ _cBFJ _dOCL _dOCLCG _dCaSfIA |
||
| 035 | _a(OCoLC)13023650 | ||
| 092 |
_a133.9 _bOv2 |
||
| 100 | 1 | _aOverlee, Vernon W. | |
| 245 | 1 | 4 |
_aThe psychic. _h[electronic resource] |
| 260 |
_aCanaan, Vt. : _bMora Press, _cc1983. |
||
| 300 |
_a204 p. ; _c22 cm. |
||
| 505 | 0 | _aBook I. Psychics, past-present / by Vernon W. Overlee -- Book II. The dead speak / by Will Power. | |
| 650 | 0 | _aParapsychology. | |
| 650 | 0 |
_aParapsychology _xResearch. |
|
| 650 | 0 | _aMediums. | |
| 650 | 0 | _aSpirit writings. | |
| 700 | 1 |
_aPower, Will _c(Spirit) |
|
| 730 | 0 | 2 | _aPsychics, past-present. |
| 730 | 0 | 2 | _aDead speak. |
| 856 | 4 | 1 |
_uhttp://www.archive.org/details/psychic01over _zFree eBook from the Internet Archive |
| 856 | 4 | 2 |
_uhttp://www.openlibrary.org/books/OL24217508M _zAdditional information and access via Open Library |
| 942 | _cEB | ||
| 506 | _fНеобхідна авторизація на https://archive.org/ (створення облікового запису безкоштовно) | ||
| 506 | _fНеобхідна авторизація на https://openlibrary.org/ (створення облікового запису безкоштовно) | ||
| 999 |
_c540061 _d540061 |
||